01004nam a2200217 a 450000100100000000500170001000800410002702000150006804000250008324501280010826000270023630000280026349000450029150400730033670000310040971000610044083000520050195201050055395201110065899900170076900004178120201002035742.0131017s2001 sp a 000 0 spa d a8400079507 aDO-SdBNPbspacBNPHU04aLos Orígenes del Español y los Grandes Textos Medievales Mio Cid, Buen Amor y Celestina /cEditor Manuel Criado de Val. aMadrid :bCSIC,c2001. a295 p. :bil. ;c25 cm.1 aBiblioteca de filología hispánicav5 aIncluye referencias bibliográficas y notas al pie de las páginas1 aCriado de Val,eed.9686402 aConsejo Superior de Investigaciones Científicas,94786 0aBiblioteca de filología hispánicav5967489 001050718MOaGRbGRcCTd2013-10-17iLF1l0o p41781-10r2020-06-25w2020-06-25y1ZNo se presta 001050718MOaGRbGRcCTd2013-12-06iLF1l0o p41781-20r2020-06-25te. 2w2020-06-25y1ZNo se presta c41270d41270